000 00360nam a2200157Ia 4500
003 Ost
005 20260225132559.0
008 260225s9999||||xx |||||||||||||| ||und||
040 _cfsic
041 _afre
082 _a612.1
100 _aPaul Zeitoun
_eAuteur
245 0 _aLa téte , Le ventre , Le Médecin /
245 0 _cPaul Zeitoun
942 _cكتاب
999 _c34653
_d34653